Tvorba prezentácií - súčasť náplne práce v cvičnej firme

Prezentácie rôzneho druhu a formy sú v praxi bežnou súčasťou pracovnej náplne každého zamestnanca. Príležitosťou na vytvorenie prezentácie v cvičnej firme je príprava na Medzinárodný veľtrh cvičných firiem a účasť v súťaži o najlepšiu elektronickú prezentáciu. Učiteľ v cvičnej firme by sa však nemal...

ver descrição completa

Na minha lista:
Detalhes bibliográficos
Autor principal: Zubalová, Zdenka
Formato: Capítulo de Livro
Idioma:eslovaco
Assuntos:
Tags: Adicionar Tag
Sem tags, seja o primeiro a adicionar uma tag!

MARC

LEADER 00000nla$a2200000$$$4500
001 0101755
005 20240502072117.2
041 0 |a slo 
044 |a SK 
245 1 0 |a Tvorba prezentácií - súčasť náplne práce v cvičnej firme  |c Zdenka Zubalová 
520 |a Prezentácie rôzneho druhu a formy sú v praxi bežnou súčasťou pracovnej náplne každého zamestnanca. Príležitosťou na vytvorenie prezentácie v cvičnej firme je príprava na Medzinárodný veľtrh cvičných firiem a účasť v súťaži o najlepšiu elektronickú prezentáciu. Učiteľ v cvičnej firme by sa však nemal obmedzovať len na takýto druh prezentácie. Ideálne je, ak sa žiaci naučia prezentovať rôzne informácie, rôznymi spôsobmi. Príspevok sa zaoberá jednotlivými druhmi prezentácií v praxi a ich aplikáciou na fungovanie cvičnej firmy, typmi prezentačných techník a aspektami, dôležitými pri prezentácii cvičnej firmy. 
610 2 0 |a vyučovanie 
610 2 0 |a technika didaktická 
610 2 0 |a prostriedky audiovizuálne 
100 1 |a Zubalová, Zdenka